| 000 | 00340nam a22001217a 4500 | ||
|---|---|---|---|
| 020 | _a0-85226-297-3 | ||
| 082 | _a004.16 GAO'M | ||
| 100 |
_aGAONKAR, RAMESH S _964658 |
||
| 245 | _aMICROPROCESSOR ARCHITECURE PROGRAMMING AND APPLICATIONS , WITH THE 8085/8080 A | ||
| 260 |
_aNEWDELHI _bWILEY EASTON _c1992 |
||
| 300 | _aX, 662P | ||
| 942 | _cBK | ||
| 999 |
_c573086 _d573086 |
||